000 01270nam a2200325 c 4500
999 _c142246
_d142246
003 BLK
005 20210203150617.0
008 180409b bul|||||r ||||||| ||bul||
010 _aKNG00148332000
040 _aBLK
041 _aBUL
_cBUL
080 _aБългарска литература
_b821.163.2
_x-93-34
_z821.163.2-93-34
100 1 _aРусафов, Георги Иванов
_eпърви автор
_9379461
139 _aРусафов, Георги Иванов
_bР 93
245 1 0 _aГотованко и воденичарят
_bПриказка
_cГеорги Иванов Русафов; худож. Стоян Иванов Анастасов.
250 _a2. изд.
257 _aBGR
260 _bБълг. художник
_c1972
_aСофия
_fДПК Димитър Благоев
300 _a16 с.
_bс ил.
_c31 см
380 _aDX
500 _a100 120 тир.
653 _aдетска литература
653 _aлитература за деца
700 1 _aАнастасов, Стоян Иванов
_eхудож.
_9376409
852 _aЦб ІІ 18694
856 4 _qpdf
856 4 _qpdf
942 _cKNG
_n0
_02
_s1
944 _aCR
_c02.08.2013
_l02.08.2013 - от С1,Р / 02.08.2013
_kРадинела_Гицова
944 _aED
_c02.08.2013
_l02.08.2013 - от С1,Р / 02.08.2013
999 _d142246